000 01379cas a2200409 4500
001 13382
003 BD-RjUL
005 20211208235439.0
008 140201s1953 nyuar p 0 1 a0eng c
030 _aPNPSAD
035 _a(BD-RjUL)13433
040 _aMnMULS
_cMnMULS
_dDNLM
_dNSDP
_dOCoLC
_dNSDP
_dOCoLC
_dInU
_dAIP
_dOCoLC
_dDLC
_dOCoLC
_dDNLM
_dOCoLC
_dCaQQL
_dOCoLC
_dNBuU
_dOCoLC
_dBD-RjUL
_beng
041 _aeng
060 0 0 _aW1
_bPR674
082 0 0 _a616.8058
_bPRO
245 0 0 _aProgress in neurology and psychiatry.
_nVolume VIII
260 _aNew York :
_bGrune & Stratton ;
_c1953.
300 _av, 591 p. :
_bill. ;
_c24 cm.
500 _a"An annual review."
500 _aEditor: E.A. Spiegel.
510 0 _aChemical abstracts
_x0009-2258
515 _aFirst volume covers the period from Dec. 1944 to Dec. 1945.
650 0 _aNervous system
_vPeriodicals.
_941708
650 0 _aNeurology
_vPeriodicals.
_941709
650 0 _aPsychiatry
_vPeriodicals.
_941710
650 1 2 _aNeurology
_vPeriodicals.
_941711
650 2 2 _aPsychiatry
_vPeriodicals.
_941712
650 6 _aSystème nerveux
_vPériodiques.
_941713
650 6 _aPsychiatrie
_vPériodiques.
_941714
700 1 _aSpiegel, Ernest A.
_q(Ernest Adolf),
_d1895-
_941715
942 _2ddc
_cBK
999 _c13382
_d13382